|
|
|
|
| LEADER |
00657cam a2200229ua 4500 |
| 008 |
140411t2008||||||||||| 00 ||eng c |
| 020 |
|
|
|a 9788189473501
|
| 041 |
0 |
|
|a eng
|
| 082 |
|
|
|a 571.6
|b MUK/C
|
| 100 |
0 |
|
|a Mukhrajee,, Arunima
|
| 245 |
1 |
0 |
|a Cell Biology: Fundamentals and Applications /
|
| 260 |
|
|
|a Jaipur:
|b Oxford,
|c 2008.
|
| 300 |
|
|
|a 308.
|
| 362 |
1 |
|
|a 2008.
|
| 365 |
|
|
|a Rs.950/-
|
| 650 |
|
|
|a Human cells
|
| 650 |
0 |
|
|a Cell biotechnology
|
| 650 |
0 |
|
|a DNA
|
| 650 |
0 |
|
|a Cell biology
|
| 942 |
|
|
|c BK
|
| 999 |
|
|
|c 29995
|d 29995
|
| 952 |
|
|
|0 0
|1 0
|4 0
|6 571_600000000000000_MUK
|7 0
|9 31803
|a KUCL
|b KUCL
|d 2014-05-23
|l 0
|o 571.6 MUK/
|p 32326
|r 2014-05-23
|w 2014-05-23
|y BK
|